000 00561cam a2200193 4500500
005 20260405000748.0
041 _afre
042 _adc
100 1 0 _aLegros, Martin
_eauthor
245 0 0 _aTous xénophobes ?
260 _c2009.
500 _a76
690 _aEtrangers
690 _aExtrême droite
690 _aNationalisme
690 _aXénophobie
786 0 _nPhilosophie magazine | 30 | 6 | 2009-06-01 | p. 18-18 | 1951-1787
856 4 1 _uhttps://shs.cairn.info/magazine-philosophie-magazine-2009-6-page-18?lang=fr&redirect-ssocas=7080
999 _c2040588
_d2040588